|
|
|
|
| LEADER |
00000nam a2200000 a 4500 |
| 001 |
vtls001381250 |
| 003 |
SK-MaSNL |
| 005 |
20260302071520.0 |
| 008 |
240313s1998 xx 0 und |
| 020 |
|
|
|a 8085983427
|
| 035 |
|
|
|a SNK000335258
|
| 040 |
|
|
|a SNK
|b slo
|c SNK
|e AACR2
|
| 100 |
1 |
|
|a Opatrný, Josef,
|d 1945-
|4 aut
|9 234352
|
| 245 |
1 |
|
|a Amerika v proměnách staletí
|
| 260 |
|
|
|a Praha
|b Libri
|c 1998
|
| 300 |
|
|
|a 841 s.
|
| 919 |
|
|
|a 80-85983-42-7
|
| 999 |
|
|
|c 1152446
|d 1154376
|
| 952 |
|
|
|t snkOPA 94(74)
|a SNKUST
|b SNKUST
|y PREZ
|7 0
|p 17A0201311
|o snkOPA 94(73)
|0 0
|1 0
|4 0
|d 2000-01-20
|l 0
|r 2025-05-30 00:00:00
|w 2026-02-24
|